| 000 | 00488nam a2200169 i 4500 | ||
|---|---|---|---|
| 001 | 146479 | ||
| 003 | ES-MaACL | ||
| 005 | 20230906201539.0 | ||
| 007 | t| | ||
| 008 | 070911s1904 fr ||||1| fre d | ||
| 100 | 1 |
_aTresse, A. _9111330 |
|
| 245 | 1 | 0 |
_aCours de Géométrie analtique... / _cpar M M.A. Tresse et A. Thybaut... |
| 260 |
_aParis : _bArmand Colin, _c1904. |
||
| 300 |
_a2 h., III, 549 p. : _bil. ; _c25 cm. |
||
| 700 | 1 |
_aThybaut, A. _9110196 |
|
| 852 |
_aES-MaACL _jG-5285 |
||
| 999 |
_c146479 _d146479 |
||